[Event "Madurai Athens of the East op-B U1600"]
[Site "Madurai"]
[Date "2023.12.28"]
[Round "4"]
[White "Pavithra, RV."]
[Black "Sanjeev, M."]
[Result "0-1"]
[WhiteElo "1355"]
[BlackElo "1502"]
[PlyCount "70"]
[EventDate "2023.12.27"]
[EventType "swiss"]
[EventRounds "9"]
[EventCountry "IND"]
[SourceTitle "CB02_2024"]
[SourceDate "2024.01.10"]
[SourceVersion "1"]
[SourceVersionDate "2024.01.10"]
[SourceQuality "1"]

1. e4 e6 2. d4 d5 3. e5 c5 4. c3 Nc6 5. Nf3 Qb6 6. Be2 Nge7 7. dxc5 Qxc5 8. Be3 Qa5 9. Nbd2 Ng6 10. Nb3 Qc7 11. Bd4 Ngxe5 12. Bb5 Bd6 13. Qe2 Nxf3+ 14. Qxf3 0-0 15. Bxc6 bxc6 16. h4 c5 17. Be3 Bb7 18. Qh3 f5 19. h5 f4 20. Bd2 Rf6 21. f3 Re8 22. Qg4 e5 23. 0-0-0 h6 24. Be1 a5 25. Qh3 a4 26. Nd2 a3 27. b3 c4 28. b4 Qc6 29. Bh4 Bc8 30. Qh2 Rf7 31. Be1 Qa4 32. Nb1 Bf5 33. Rd2 d4 34. Rf2 Bxb1 35. Kxb1 Qd1# 0-1